| 000 | 00571nam a2200193Ia 4500 | ||
|---|---|---|---|
| 008 | 131103s9999 xx 000 0 und d | ||
| 040 | _aLoreto College | ||
| 041 | _aEnglish | ||
| 082 |
_aREF _bLCBED/7396 |
||
| 245 | 4 |
_aThe reader's encyclopedia of Shakespeare _cEdited by Oscar James Campbell |
|
| 260 |
_aNew York _bThomas y. crowell _c1997 |
||
| 300 |
_a1014p. _b ill., pic. _c 23cm. |
||
| 504 | _aIncludes index bibliography | ||
| 650 | _aRefarence | ||
| 651 | _aEnglish literature | ||
| 700 | _aCampbell, Oscar James; ed. | ||
| 850 | _aLCBED/REF | ||
| 942 | _cBK | ||
| 999 |
_c31813 _d82292 |
||